| 000 | 00000nam##2200000za#4500 |
| 001 | 9.666738 |
| 003 | CaOODSP |
| 005 | 20220818080255 |
| 007 | ta |
| 008 | 150407|2005||||xxc||||| f|0| 0 fre|d |
| 020 | |a0-662-69193-8 |
| 040 | |aCaOODSP|bfre |
| 041 | |aeng |
| 041 | |afre |
| 043 | |an-cn--- |
| 086 | 1 |aIP54-3/2005 |
| 110 | 2 |aCommissariat à la protection de la vie privée du Canada. |
| 245 | 10|aLeçons tirées de dix ans d'expérience : |bla Loi sur la protection des renseignements personnels dans le secteur privé du Québec |
| 260 | |aOttawa - Ontario : |bCommissariat à la protection de la vie privée du Canada |c2005. |
| 300 | |aTexte français, xx, 41p. ; |c28 cm. |
| 520 | 3 |aCe rapport est essentiellement un résumé des décisions rendues par la Commission d’accès à l’information en vertu de la Loi sur la protection des renseignements personnels dans le secteur privé du Québec. Il vise à aider dans le cadre de l’interprétation de lois similaires, particulièrement la Loi sur la protection des renseignements personnels et les documents électroniques (une loi fédérale), ainsi qu’à documenter les modifications possibles à cette loi. |
| 563 | |aReliure à spirale |
| 590 | |a05-46|b2005-11-18 |
| 691 | 07|aVie privée|2gcpds |
| 776 | 0#|tLeçons tirées de dix ans d'expérience : |w(CaOODSP)9.632132 |
| 776 | 0#|tLearning from a decade of experience : |w(CaOODSP)9.687688 |
| 791 | |tLearning from a decade of experience : |eeng|w(CaOODSP)9.666737 |